[Event "26. ekipno prvenstvo hrvatske u sahu - I"]
[Site "Bjelovar, Krapina, Djurdjevac,"]
[Date "2017.04.02"]
[Round "3.65"]
[White "Babic, Zvonko"]
[Black "Brajdic, Danko"]
[Result "1/2-1/2"]
[WhiteElo "2187"]
[BlackElo "2121"]
[PlyCount "114"]
[EventDate "2016.03.26"]

1. e4 g6 2. d4 Bg7 3. Nc3 d6 4. Be3 a6 5. Qd2 b5 6. a3 Nf6 7. f3 c6 8. Be2 h5
9. h4 Qc7 10. Nh3 Bxh3 11. Rxh3 Nbd7 12. Rd1 Rc8 13. Rh1 c5 14. d5 Ne5 15. Kf2
Rb8 16. b3 b4 17. Nb1 Neg4+ 18. Kg3 Nxe3 19. Qxe3 Bh6 20. Qf2 g5 21. Kh2 Rg8
22. Qe3 Rg6 23. hxg5 Rxg5 24. f4 Ng4+ 25. Bxg4 Rxg4 26. Rhf1 e5 27. dxe6 fxe6
28. Qh3 Qf7 29. f5 Ke7 30. f6+ Kd7 31. Qd3 Rb6 32. axb4 Qg6 33. Rf2 Qxe4 34.
Qxe4 Rxe4 35. bxc5 Rc6 36. Rxd6+ Rxd6 37. cxd6 Bf4+ 38. Kh3 Re3+ 39. Rf3 Kxd6
40. Kh4 Rxf3 41. gxf3 Be5 42. f7 Ke7 43. f8=Q+ Kxf8 44. Kxh5 Ke7 45. Nd2 Kf6
46. Kg4 Bc7 47. f4 Ke7 48. f5 exf5+ 49. Kxf5 Kd6 50. Ke4 Kc6 51. Kd3 Bd8 52.
Kc4 Be7 53. b4 Bf8 54. Nb3 Kb6 55. Nd4 Be7 56. c3 Bf6 57. Ne6 Bxc3 1/2-1/2

[Event "26. ekipno prvenstvo hrvatske u sahu - I"]
[Site "Bjelovar, Krapina, Djurdjevac,"]
[Date "2017.04.02"]
[Round "3.66"]
[White "Augusta, Domagoj"]
[Black "Staresina, Alan"]
[Result "0-1"]
[WhiteElo "2056"]
[BlackElo "2139"]
[PlyCount "52"]
[EventDate "2016.03.26"]

1. e4 e6 2. d4 d5 3. Nd2 a6 4. c3 c5 5. Ngf3 Nc6 6. dxc5 Bxc5 7. Bd3 Nf6 8. O-O
O-O 9. a4 h6 10. b4 Ba7 11. Ba3 Re8 12. c4 dxc4 13. Bxc4 e5 14. Qb3 Be6 15. Bb2
Nd4 16. Nxd4 Bxd4 17. Bxe6 Rxe6 18. Rad1 Bxb2 19. Qxb2 Rd6 20. Rfe1 Qd7 21. f4
Rd4 22. fxe5 Nxe4 23. Nxe4 Rxd1 24. Qe2 Qd4+ 25. Nf2 Rxe1+ 26. Qxe1 Re8 0-1

[Event "26. ekipno prvenstvo hrvatske u sahu - I"]
[Site "Bjelovar, Krapina, Djurdjevac,"]
[Date "2017.04.02"]
[Round "4.11"]
[White "Raguz, Dario"]
[Black "Pecnik, Leo"]
[Result "1/2-1/2"]
[WhiteElo "2131"]
[BlackElo "2340"]
[PlyCount "46"]
[EventDate "2016.03.26"]

1. d4 Nf6 2. Nf3 g6 3. c4 Bg7 4. Nc3 O-O 5. e4 d6 6. h3 e5 7. d5 a5 8. Bg5 Na6
9. Be2 Qe8 10. Nd2 Bd7 11. g4 c6 12. h4 cxd5 13. cxd5 b5 14. Rc1 Nc5 15. f3 h5
16. Nb3 Nxb3 17. axb3 hxg4 18. fxg4 b4 19. Bxf6 Bxf6 20. g5 Bd8 21. Na4 Kg7 22.
Bg4 Rh8 23. Qf3 Bxg4 1/2-1/2

[Event "26. ekipno prvenstvo hrvatske u sahu - I"]
[Site "Bjelovar, Krapina, Djurdjevac,"]
[Date "2017.04.02"]
[Round "4.12"]
[White "Dugandzic, Boris"]
[Black "Ilic, Ognjen"]
[Result "1-0"]
[WhiteElo "2258"]
[BlackElo "2108"]
[PlyCount "75"]
[EventDate "2016.03.26"]

1. d4 d5 2. Nf3 Nf6 3. c4 e6 4. Nc3 c5 5. e3 Nc6 6. a3 a6 7. cxd5 exd5 8. Be2
Be7 9. dxc5 Bxc5 10. b4 Be7 11. O-O O-O 12. Bb2 Be6 13. Nd4 Rc8 14. Rc1 Nxd4
15. Qxd4 Qd7 16. Rfd1 Rfd8 17. Bf3 b5 18. Ne2 Rxc1 19. Rxc1 Rc8 20. Rxc8+ Qxc8
21. Qc3 Qxc3 22. Nxc3 Kf8 23. Kf1 Bd6 24. h3 Be5 25. Ke2 Nd7 26. Nd1 Ke7 27.
Kd2 Kd6 28. Be2 Nb6 29. Bxe5+ Kxe5 30. f4+ Kd6 31. Kc3 f6 32. Kd4 Bf5 33. Nc3
Bc2 34. Bf3 Bb3 35. e4 dxe4 36. Nxe4+ Ke7 37. Nc5 Nc4 38. Nxb3 1-0

[Event "26. ekipno prvenstvo hrvatske u sahu - I"]
[Site "Bjelovar, Krapina, Djurdjevac,"]
[Date "2017.04.02"]
[Round "4.13"]
[White "Margitic, Zdravko"]
[Black "Starcevic, Kresimir"]
[Result "1-0"]
[WhiteElo "2082"]
[BlackElo "2145"]
[PlyCount "105"]
[EventDate "2016.03.26"]

1. e4 c5 2. Nf3 Nc6 3. g3 g6 4. Bg2 Bg7 5. O-O e6 6. c3 Nge7 7. Na3 O-O 8. d4
cxd4 9. cxd4 b6 10. Bg5 h6 11. Be3 Ba6 12. Re1 d5 13. e5 Nf5 14. Qa4 Bb7 15.
Rac1 Rc8 16. Rc2 a6 17. b4 Nxe3 18. Rxe3 Qe7 19. b5 Qb4 20. Qxb4 Nxb4 21. Rb2
a5 22. Bf1 Rc1 23. Ne1 Ra1 24. Ree2 Rc8 25. Nac2 Rxa2 26. Nxb4 Rxb2 27. Rxb2
axb4 28. Nd3 Rc4 29. Rxb4 Bf8 30. Rxc4 dxc4 31. Ne1 c3 32. Bd3 Ba3 33. Kf1 Kg7
34. Nc2 Bc1 35. Ke2 g5 36. Kd1 Bd2 37. Na3 Bf3+ 38. Kc2 g4 39. Nc4 Be1 40. Nxb6
Bxf2 41. Kxc3 Bg1 42. Nd7 Bxh2 43. Nf6 Kf8 44. b6 Ke7 45. Nxg4 Bxg3 46. Nxh6
Bb7 47. Ng8+ Kd8 48. Kb4 Bf2 49. Kc5 Kc8 50. Nh6 f6 51. exf6 e5 52. f7 Bxd4+
53. Kd6 1-0

[Event "26. ekipno prvenstvo hrvatske u sahu - I"]
[Site "Bjelovar, Krapina, Djurdjevac,"]
[Date "2017.04.02"]
[Round "4.14"]
[White "Cvitkovic, Filip"]
[Black "Smetisko, Josip"]
[Result "1/2-1/2"]
[WhiteElo "2081"]
[BlackElo "1915"]
[PlyCount "71"]
[EventDate "2016.03.26"]

1. d4 Nf6 2. c4 g6 3. Nc3 d5 4. Nf3 Bg7 5. Bg5 e6 6. e3 b6 7. Be2 O-O 8. O-O
dxc4 9. Bxc4 Bb7 10. Qe2 Nbd7 11. e4 h6 12. Bh4 g5 13. Bg3 Nh5 14. Rad1 Nxg3
15. hxg3 Qe7 16. Rfe1 Nf6 17. e5 Nd7 18. Ne4 Rfd8 19. Bd3 Rac8 20. Bb1 Nf8 21.
Nh2 Ng6 22. Qh5 Kh7 23. Ng4 Bxe4 24. Bxe4 c5 25. d5 exd5 26. Bxd5 Rd7 27. Be4
Rxd1 28. Rxd1 Rd8 29. Rxd8 Qxd8 30. Kh2 Qd4 31. Bf5 Qxb2 32. e6 Qxa2 33. f4
gxf4 34. gxf4 Qc4 35. g3 Qe2+ 36. Kh3 1/2-1/2

[Event "26. ekipno prvenstvo hrvatske u sahu - I"]
[Site "Bjelovar, Krapina, Djurdjevac,"]
[Date "2017.04.02"]
[Round "4.15"]
[White "Hodzic, Hazim"]
[Black "Brajdic, Danko"]
[Result "0-1"]
[WhiteElo "1975"]
[BlackElo "2121"]
[PlyCount "64"]
[EventDate "2016.03.26"]

1. Nf3 g6 2. d4 Bg7 3. e4 d6 4. Be2 Nf6 5. Nc3 O-O 6. O-O Nc6 7. a3 Bg4 8. Be3
e5 9. dxe5 dxe5 10. Bc5 Re8 11. h3 Bxf3 12. Bxf3 Nd4 13. a4 c6 14. Qd3 Nd7 15.
Ba3 Bf8 16. Bg4 Bxa3 17. Rxa3 Nc5 18. Qd1 h5 19. Be2 Qh4 20. f4 Rad8 21. Qc1
Nxe4 22. Bc4 Ng3 23. Rf2 e4 24. Nd1 Ndf5 25. Ne3 Nxe3 26. Rxe3 Nf5 27. Re1 Rd4
28. b3 e3 29. Rf3 Rxf4 30. Be2 Rxf3 31. Bxf3 Qf2+ 32. Kh2 Nh4 0-1

[Event "26. ekipno prvenstvo hrvatske u sahu - I"]
[Site "Bjelovar, Krapina, Djurdjevac,"]
[Date "2017.04.02"]
[Round "4.21"]
[White "Makaj, Marko"]
[Black "Petrusic, Toni"]
[Result "1/2-1/2"]
[WhiteElo "2332"]
[BlackElo "2289"]
[PlyCount "100"]
[EventDate "2016.03.26"]

1. d4 e6 2. c4 d5 3. Nc3 Be7 4. cxd5 exd5 5. Bf4 Bd6 6. Nxd5 Bxf4 7. Nxf4 c5 8.
dxc5 Qa5+ 9. Qd2 Qxd2+ 10. Kxd2 Na6 11. Rc1 Bf5 12. f3 O-O-O+ 13. Ke1 g5 14.
Nfh3 Nb4 15. e4 Nxa2 16. Rd1 Rxd1+ 17. Kxd1 Be6 18. Nxg5 Bb3+ 19. Ke1 Ne7 20.
f4 f5 21. e5 Rd8 22. Be2 Nc1 23. N1f3 h6 24. Nh3 Nc6 25. Kf2 Nxe2 26. Kxe2 Bc4+
27. Kf2 Nb4 28. b3 Bxb3 29. Rb1 Nd3+ 30. Ke3 Bd5 31. Ra1 Bxf3 32. Kxf3 Nxc5 33.
Rxa7 Rd3+ 34. Ke2 Rb3 35. Nf2 Rb2+ 36. Ke3 Rb3+ 37. Kd4 Ne6+ 38. Kc4 Rb2 39.
Nd3 Rc2+ 40. Kb4 Nd4 41. Ra8+ Kc7 42. Rg8 Nc6+ 43. Ka4 Rc3 44. Nb2 Kb6 45. Rg3
Rc2 46. Ka3 Kc5 47. Na4+ Kc4 48. Nb6+ Kc5 49. Nd7+ Kc4 50. Nb6+ Kc5 1/2-1/2

[Event "26. ekipno prvenstvo hrvatske u sahu - I"]
[Site "Bjelovar, Krapina, Djurdjevac,"]
[Date "2017.04.02"]
[Round "4.22"]
[White "Cop, Tomislav"]
[Black "Pavic, Filip"]
[Result "1-0"]
[WhiteElo "2281"]
[BlackElo "2273"]
[PlyCount "113"]
[EventDate "2016.03.26"]

1. e4 c5 2. Nf3 d6 3. d4 cxd4 4. Qxd4 Nc6 5. Bb5 Bd7 6. Bxc6 Bxc6 7. Nc3 h6 8.
Qd3 Nf6 9. Nd4 g6 10. f3 Bg7 11. Be3 O-O 12. O-O-O Qa5 13. Kb1 Rfc8 14. g4 Nd7
15. Nb3 Qc7 16. Bd4 Ne5 17. Qe2 Bd7 18. Nd5 Qd8 19. Rhg1 Be6 20. f4 Bxd5 21.
exd5 Nc4 22. Bxg7 Kxg7 23. Rd4 Nb6 24. g5 h5 25. f5 gxf5 26. g6 fxg6 27. Qxh5
Qe8 28. Qxf5 Qf7 29. Rxg6+ Qxg6 30. Rg4 Qxg4 31. Qxg4+ Kf7 32. Qe6+ Ke8 33. Nd4
Kd8 34. Nf5 Rc7 35. Nd4 Rc5 36. Qg8+ Kd7 37. Qg4+ Ke8 38. Qg6+ Kd7 39. Qf5+ Ke8
40. Ne6 Rac8 41. Qf8+ Kd7 42. Nxc5+ Rxc5 43. Qb8 Rc7 44. Qxa7 Nxd5 45. Qa4+ Kd8
46. Qb3 Nf6 47. a4 d5 48. h4 Kc8 49. Qg3 Rc4 50. h5 Rxa4 51. h6 Kd8 52. Qb8+
Kd7 53. Qxb7+ Kd6 54. b4 Ra3 55. b5 Rh3 56. Qc6+ Ke5 57. b6 1-0

[Event "26. ekipno prvenstvo hrvatske u sahu - I"]
[Site "Bjelovar, Krapina, Djurdjevac,"]
[Date "2017.04.02"]
[Round "4.23"]
[White "Jukic, Zeljko"]
[Black "Machata, Martin"]
[Result "1-0"]
[WhiteElo "2257"]
[BlackElo "2266"]
[PlyCount "67"]
[EventDate "2016.03.26"]

1. d4 Nf6 2. c4 c5 3. d5 b5 4. cxb5 a6 5. f3 e6 6. Nc3 axb5 7. e4 b4 8. Nb5 Ba6
9. dxe6 fxe6 10. Nd6+ Bxd6 11. Qxd6 Bxf1 12. Kxf1 Ra6 13. Qxc5 d6 14. Qb5+ Rc6
15. Ne2 O-O 16. Nd4 Rc5 17. Qd3 Qc8 18. Bd2 Na6 19. Ke2 Re5 20. Rhc1 Nc5 21.
Qc4 Nfxe4 22. fxe4 Rxe4+ 23. Be3 Qe8 24. Rf1 Qh5+ 25. Kd2 Rc8 26. Qe2 Qd5 27.
Qf3 e5 28. Qf5 Re8 29. Rad1 g6 30. Qf3 exd4 31. Bh6 Nd7 32. Rde1 Qf5 33. Qb3+
Qe6 34. Rxe4 1-0

[Event "26. ekipno prvenstvo hrvatske u sahu - I"]
[Site "Bjelovar, Krapina, Djurdjevac,"]
[Date "2017.04.02"]
[Round "4.24"]
[White "Mihalincic, Tomislav"]
[Black "Nemec, Vjekoslav"]
[Result "1/2-1/2"]
[WhiteElo "2246"]
[BlackElo "2176"]
[PlyCount "120"]
[EventDate "2016.03.26"]

1. e4 g6 2. d4 Bg7 3. Nc3 d6 4. g3 Nd7 5. Bg2 c5 6. Nge2 Rb8 7. a4 b6 8. O-O
Ngf6 9. f4 cxd4 10. Nxd4 Bb7 11. Re1 Nc5 12. b4 Ne6 13. Be3 Qc8 14. Nd5 Ng4 15.
Nxe6 fxe6 16. Bd4 Bxd4+ 17. Qxd4 Kf7 18. Nc3 e5 19. Qd3 a5 20. Bf3 axb4 21.
Bxg4 Qxc3 22. Qxc3 bxc3 23. fxe5 dxe5 24. Ra3 e6 25. Rxc3 Rhc8 26. Rb3 Bc6 27.
Reb1 Bxa4 28. Rxb6 Rxb6 29. Rxb6 Bd7 30. Rb7 Ke7 31. Rb2 Rc4 32. Bf3 Bc6 33.
Be2 Rxe4 34. Kf2 Kd6 35. Rb8 Ra4 36. Rd8+ Kc5 37. Ke3 Ra3+ 38. Rd3 Ra1 39. Bd1
Bd5 40. Rd2 e4 41. h4 Ra3+ 42. Kf4 h6 43. Be2 Rc3 44. h5 g5+ 45. Ke5 Rxg3 46.
c4 Bc6 47. Rd1 Rg2 48. Re1 Rf2 49. Bg4 Kxc4 50. Rc1+ Kb5 51. Bxe6 e3 52. Kd4 e2
53. Bc4+ Kb6 54. Ke3 Rh2 55. Bxe2 Be8 56. Bf3 Rh3 57. Kf2 Bxh5 58. Bg2 Rh4 59.
Rc6+ Kb5 60. Rxh6 Kc5 1/2-1/2

[Event "26. ekipno prvenstvo hrvatske u sahu - I"]
[Site "Bjelovar, Krapina, Djurdjevac,"]
[Date "2017.04.02"]
[Round "4.25"]
[White "Pavic, Jakov"]
[Black "Staresina, Alan"]
[Result "1/2-1/2"]
[WhiteElo "2119"]
[BlackElo "2139"]
[PlyCount "66"]
[EventDate "2016.03.26"]

1. d4 Nf6 2. c4 e6 3. Nf3 d5 4. Nc3 Be7 5. Bg5 O-O 6. e3 Nbd7 7. cxd5 exd5 8.
Bd3 Re8 9. O-O Nf8 10. Qc2 c6 11. Rae1 Bg4 12. Ne5 Bh5 13. h3 Bg6 14. Re2 Bxd3
15. Qxd3 Ne6 16. Bh4 Nh5 17. Bxe7 Qxe7 18. Rc2 Rad8 19. b4 a6 20. Rb1 Rd6 21.
Na4 Ng5 22. Nc5 Ne6 23. a4 Nd8 24. b5 axb5 25. axb5 b6 26. Na4 c5 27. dxc5 bxc5
28. Nc6 Nxc6 29. bxc6 c4 30. Qd4 Qc7 31. Nc3 Qxc6 32. Rd1 Nf6 33. Rdd2 h6
1/2-1/2

[Event "26. ekipno prvenstvo hrvatske u sahu - I"]
[Site "Bjelovar, Krapina, Djurdjevac,"]
[Date "2017.04.02"]
[Round "4.26"]
[White "Milosevic, Sanjin"]
[Black "Kos, Bruno"]
[Result "1/2-1/2"]
[WhiteElo "2128"]
[BlackElo "1940"]
[PlyCount "50"]
[EventDate "2016.03.26"]

1. c4 Nf6 2. Nc3 g6 3. g3 Bg7 4. Bg2 O-O 5. Nf3 d6 6. d4 Nbd7 7. O-O Re8 8. b3
c6 9. Bb2 Rb8 10. Re1 Qa5 11. Qd2 e5 12. d5 c5 13. Nb5 Qb6 14. a4 a5 15. e4 Rf8
16. Bc3 Ra8 17. Nh4 Ne8 18. Bh3 Qd8 19. Rf1 Ndf6 20. Bg2 Nh5 21. Nf3 b6 22. h3
Nc7 23. Nh2 Nxb5 24. axb5 Bd7 25. Qe3 Qc8 1/2-1/2

[Event "26. ekipno prvenstvo hrvatske u sahu - I"]
[Site "Bjelovar, Krapina, Djurdjevac,"]
[Date "2017.04.02"]
[Round "4.31"]
[White "Kristovic, Marijan"]
[Black "Skuhala, Jernej"]
[Result "1-0"]
[WhiteElo "2300"]
[BlackElo "2331"]
[PlyCount "71"]
[EventDate "2016.03.26"]

1. e4 c5 2. Nf3 d6 3. c3 Nf6 4. Bc4 Nxe4 5. Qa4+ Nd7 6. Bxf7+ Kxf7 7. Qxe4 e6
8. d4 h6 9. h4 Qf6 10. Rh3 Qg6 11. Qe2 cxd4 12. cxd4 Nf6 13. Rg3 Qf5 14. Nc3
Bd7 15. Ne5+ dxe5 16. dxe5 Bc6 17. exf6 gxf6 18. Rd3 Bb4 19. g4 Bxc3+ 20. bxc3
Qb5 21. c4 Qa5+ 22. Bd2 Qc7 23. Bc3 Rad8 24. O-O-O Rxd3 25. Rxd3 Qh2 26. h5 Rg8
27. Kb2 Qh4 28. f3 Qg5 29. Rd6 Re8 30. Qd3 e5 31. f4 Qxg4 32. Qh7+ Qg7 33.
Rxf6+ Kxf6 34. fxe5+ Kf7 35. e6+ Kf8 36. Qxg7# 1-0

[Event "26. ekipno prvenstvo hrvatske u sahu - I"]
[Site "Bjelovar, Krapina, Djurdjevac,"]
[Date "2017.04.02"]
[Round "4.32"]
[White "Novak, Ivan"]
[Black "Marangunic, Srdjan"]
[Result "1/2-1/2"]
[WhiteElo "2223"]
[BlackElo "2346"]
[PlyCount "111"]
[EventDate "2016.03.26"]

1. d4 d5 2. c4 c6 3. Nf3 Nf6 4. Qc2 g6 5. Bf4 Bg7 6. Nbd2 O-O 7. e3 Bf5 8. Bd3
Bxd3 9. Qxd3 Nbd7 10. O-O c5 11. dxc5 Nxc5 12. Qa3 b6 13. Rfd1 Qc8 14. Rac1 Qb7
15. Be5 dxc4 16. Nxc4 Rfd8 17. h3 Ne6 18. b4 Rd7 19. Rxd7 Nxd7 20. Bxg7 Kxg7
21. Qc3+ f6 22. Qb3 Rc8 23. Rd1 Ndf8 24. Na3 b5 25. Nc2 a6 26. Ncd4 Nxd4 27.
Nxd4 Rc4 28. Qa3 Qc8 29. Qa5 Ne6 30. Nb3 Qc6 31. a3 Kf7 32. Nd4 Nxd4 33. exd4
Qd6 34. d5 Re4 35. g3 h5 36. h4 g5 37. hxg5 fxg5 38. Rd3 h4 39. a4 hxg3 40.
fxg3 Qxb4 41. Rf3+ Kg6 42. Qxa6+ Kh5 43. Qxb5 Qxa4 44. Qxa4 Rxa4 45. Re3 Ra7
46. Re4 Rd7 47. Kf2 Rxd5 48. Rxe7 Kg4 49. Re4+ Kh3 50. Re3 Rd2+ 51. Kg1 Rg2+
52. Kh1 Rxg3 53. Re1 Ra3 54. Rd1 g4 55. Rc1 g3 56. Rb1 1/2-1/2

[Event "26. ekipno prvenstvo hrvatske u sahu - I"]
[Site "Bjelovar, Krapina, Djurdjevac,"]
[Date "2017.04.02"]
[Round "4.34"]
[White "Havas, Juraj"]
[Black "Hrvacic, Pavle"]
[Result "1/2-1/2"]
[WhiteElo "2078"]
[BlackElo "2259"]
[PlyCount "23"]
[EventDate "2016.03.26"]

1. d4 g6 2. c4 Bg7 3. Nc3 d6 4. e4 Nf6 5. f3 c6 6. Bg5 Nbd7 7. Nh3 a6 8. Qd2
Qa5 9. Nf2 b5 10. Be2 Rb8 11. O-O bxc4 12. Bxc4 1/2-1/2

[Event "26. ekipno prvenstvo hrvatske u sahu - I"]
[Site "Bjelovar, Krapina, Djurdjevac,"]
[Date "2017.04.02"]
[Round "4.35"]
[White "Margeta, Zeljko"]
[Black "Toplak, Juraj"]
[Result "0-1"]
[WhiteElo "2062"]
[BlackElo "2004"]
[PlyCount "92"]
[EventDate "2016.03.26"]

1. d4 Nf6 2. Nf3 g6 3. c3 Bg7 4. h3 d6 5. Bf4 Nbd7 6. e3 c6 7. Be2 O-O 8. O-O
Qc7 9. a4 e5 10. Bh2 Re8 11. Re1 a5 12. Na3 Nb6 13. c4 e4 14. Nd2 Qe7 15. Qb3
Nbd7 16. Nc2 h6 17. Qa3 d5 18. Bd6 Qe6 19. c5 Bf8 20. Bg3 Nh7 21. Qc3 f5 22. f3
Ndf6 23. f4 Re7 24. Rf1 Rg7 25. Kf2 Be7 26. Rg1 Nf8 27. b4 axb4 28. Nxb4 Bd8
29. Nb3 Bc7 30. a5 g5 31. a6 gxf4 32. Bh4 fxe3+ 33. Kxe3 Ng6 34. Bxf6 Bf4+ 35.
Kf2 e3+ 36. Kf1 Qxf6 37. g3 Bxg3 38. Rxg3 Qh4 39. Qe1 f4 40. axb7 Bxb7 41.
Rxa8+ Bxa8 42. Qa1 Qxg3 43. Nd3 Nh4 44. Qxa8+ Kh7 45. Bg4 f3 46. Bxf3 Qxf3+ 0-1

[Event "26. ekipno prvenstvo hrvatske u sahu - I"]
[Site "Bjelovar, Krapina, Djurdjevac,"]
[Date "2017.04.02"]
[Round "4.41"]
[White "Czebe, Attila"]
[Black "Pandurevic, Miro"]
[Result "1-0"]
[WhiteElo "2484"]
[BlackElo "2263"]
[PlyCount "75"]
[EventDate "2016.03.26"]

1. e4 d6 2. d4 Nf6 3. Nc3 e5 4. Nf3 exd4 5. Nxd4 Be7 6. g3 O-O 7. Bg2 Bg4 8.
Nde2 Qc8 9. h3 Bd7 10. Nf4 c6 11. O-O Na6 12. Kh2 b5 13. Nd3 b4 14. Ne2 d5 15.
exd5 cxd5 16. Re1 Re8 17. Nd4 Bd6 18. Rxe8+ Qxe8 19. Bf4 Bf8 20. Be3 Nc7 21.
Nb3 a5 22. Bb6 Qb8 23. Bxa5 Ne6 24. Qe1 Bb5 25. Nxb4 Bc4 26. Nd3 Qb5 27. Bc3
Ne4 28. Ne5 Nxc3 29. Qxc3 Rb8 30. a4 Qa6 31. Nd7 Rc8 32. Nxf8 Rxf8 33. Nd4 Qb6
34. Rd1 Rc8 35. Qe3 Qxb2 36. Nxe6 Qxc2 37. Rc1 Qxa4 38. Bxd5 1-0

[Event "26. ekipno prvenstvo hrvatske u sahu - I"]
[Site "Bjelovar, Krapina, Djurdjevac,"]
[Date "2017.04.02"]
[Round "4.42"]
[White "Lasic, Luka"]
[Black "Sindik, Ervin"]
[Result "1-0"]
[WhiteElo "2151"]
[BlackElo "2334"]
[PlyCount "124"]
[EventDate "2016.03.26"]

1. Nf3 Nf6 2. c4 g6 3. g3 Bg7 4. Bg2 O-O 5. Nc3 d6 6. d4 Nc6 7. O-O a6 8. Bg5
h6 9. Bf4 Rb8 10. h3 b5 11. cxb5 axb5 12. Rc1 Bd7 13. d5 Na5 14. b4 Nc4 15. Nd4
Nh5 16. Nc6 Bxc6 17. dxc6 Nxf4 18. gxf4 e6 19. e4 Qh4 20. f5 gxf5 21. exf5 d5
22. Re1 Nd6 23. fxe6 fxe6 24. Rxe6 Qxf2+ 25. Kh1 d4 26. Nd5 Nf5 27. Qg4 Kh8 28.
Ne7 Nxe7 29. Rxe7 Rf7 30. Rf1 Qxf1+ 31. Bxf1 Rxe7 32. Bd3 Re1+ 33. Kg2 Re5 34.
h4 Rg8 35. Kh2 Re3 36. Bg6 Be5+ 37. Kh1 Rxg6 38. Qxg6 Rh3+ 39. Kg2 Rg3+ 40.
Qxg3 Bxg3 41. Kxg3 Kg7 42. Kf4 Kf6 43. Ke4 Ke6 44. Kxd4 Kd6 45. h5 Kxc6 46. Ke5
Kb6 47. Kd5 c6+ 48. Kd6 Kb7 49. Ke6 c5 50. bxc5 Kc6 51. Kf6 Kxc5 52. Kg6 Kb4
53. Kxh6 Ka3 54. Kg5 b4 55. h6 Kxa2 56. h7 b3 57. h8=Q b2 58. Qa8+ Kb3 59. Qb7+
Kc2 60. Qe4+ Kc1 61. Qc4+ Kd2 62. Qb3 Kc1 1-0

[Event "26. ekipno prvenstvo hrvatske u sahu - I"]
[Site "Bjelovar, Krapina, Djurdjevac,"]
[Date "2017.04.02"]
[Round "4.43"]
[White "Orak, Ljubomir"]
[Black "Raljic, Mirko"]
[Result "1/2-1/2"]
[WhiteElo "2273"]
[BlackElo "2101"]
[PlyCount "85"]
[EventDate "2016.03.26"]

1. e4 c5 2. Nf3 e6 3. d4 cxd4 4. Nxd4 Nf6 5. Nc3 Bb4 6. e5 Nd5 7. Bd2 Nxc3 8.
bxc3 Be7 9. Qg4 g6 10. h4 Nc6 11. Nxc6 dxc6 12. h5 Qa5 13. Qg3 Rf8 14. hxg6
hxg6 15. Rh7 Bd7 16. Bd3 O-O-O 17. Ke2 Bc5 18. Qf4 Rh8 19. Rxf7 Rdf8 20. f3 Be8
21. Rxf8 Rxf8 22. Qg4 Bf7 23. a4 Be7 24. Qe4 g5 25. c4 Bb4 26. Bxb4 Qxb4 27.
Qe3 Kb8 28. Qd4 Kc7 29. Rh1 Rd8 30. Qe3 Qxa4 31. Rh7 Rd7 32. Qxg5 Be8 33. Rxd7+
Bxd7 34. Qe7 Qa1 35. Qd6+ Kc8 36. Kf2 Qh1 37. Kg3 Qe1+ 38. Kg4 Qh1 39. g3 Qh6
40. Qe7 a5 41. f4 a4 42. Kf3 Qh1+ 43. Kf2 1/2-1/2

[Event "26. ekipno prvenstvo hrvatske u sahu - I"]
[Site "Bjelovar, Krapina, Djurdjevac,"]
[Date "2017.04.02"]
[Round "4.44"]
[White "Vukic, Aleksandar"]
[Black "Segovic, Goran"]
[Result "0-1"]
[WhiteElo "2067"]
[BlackElo "2255"]
[PlyCount "80"]
[EventDate "2016.03.26"]

1. d4 Nf6 2. c4 e6 3. Nc3 Bb4 4. e3 O-O 5. Nge2 Re8 6. a3 Bf8 7. e4 e5 8. d5 a5
9. Ng3 Na6 10. Be2 Nc5 11. Be3 d6 12. Rb1 Bd7 13. b4 axb4 14. axb4 Na4 15. Nxa4
Bxa4 16. Qc1 c6 17. dxc6 bxc6 18. O-O d5 19. exd5 cxd5 20. c5 Nd7 21. c6 Nb6
22. Bxb6 Qxb6 23. b5 Bc5 24. Nf5 g6 25. Nh6+ Kg7 26. Ng4 Re6 27. Qh6+ Kg8 28.
Ne3 Qd8 29. Bg4 Rd6 30. Rfc1 Bb6 31. Bd7 Qc7 32. Ng4 e4 33. Qg5 d4 34. Nf6+
Rxf6 35. Qxf6 d3 36. Rc4 d2 37. Qa1 Qf4 38. Rxa4 Rxa4 39. Qxa4 Qxf2+ 40. Kh1
Qe1+ 0-1

[Event "26. ekipno prvenstvo hrvatske u sahu - I"]
[Site "Bjelovar, Krapina, Djurdjevac,"]
[Date "2017.04.02"]
[Round "4.45"]
[White "Novak, Ratko"]
[Black "Lovrekovic, Kristijan"]
[Result "0-1"]
[WhiteElo "2180"]
[BlackElo "2050"]
[PlyCount "68"]
[EventDate "2016.03.26"]

1. d4 c6 2. c4 d5 3. cxd5 cxd5 4. Nc3 Nc6 5. e4 e6 6. e5 f6 7. exf6 Nxf6 8. Nf3
Bd6 9. Bd3 O-O 10. O-O e5 11. dxe5 Nxe5 12. Nxe5 Bxe5 13. f4 Ng4 14. Qf3 Bd4+
15. Kh1 Be6 16. Bxh7+ Kh8 17. Bc2 Qh4 18. Qg3 Nf2+ 19. Rxf2 Qxg3 20. hxg3 Bxf2
21. Kh2 Rf6 22. f5 Bxf5 23. Bxf5 Rxf5 24. g4 Rf7 25. Nxd5 Rd8 26. Nc3 Rd3 27.
Ne4 Rd1 28. Nxf2 Rxf2 29. Be3 Rxa1 30. Bxf2 Rxa2 31. Bd4 Ra4 32. Be3 Rb4 33. g5
Kh7 34. Bxa7 Rxb2 0-1

[Event "26. ekipno prvenstvo hrvatske u sahu - I"]
[Site "Bjelovar, Krapina, Djurdjevac,"]
[Date "2017.04.02"]
[Round "4.46"]
[White "Hrupacki, Milan"]
[Black "Lovrencic, Vladimir"]
[Result "0-1"]
[WhiteElo "2038"]
[BlackElo "2137"]
[PlyCount "84"]
[EventDate "2016.03.26"]

1. f4 c5 2. e4 d6 3. Nf3 Nc6 4. Nc3 g6 5. Bc4 Bg7 6. d3 Nf6 7. O-O O-O 8. Bd2
Na5 9. Qe2 Bg4 10. h3 Bxf3 11. Qxf3 Nxc4 12. dxc4 Nd7 13. b3 Nb8 14. Rad1 Nc6
15. Ne2 a6 16. Qd3 b5 17. c3 Qa5 18. cxb5 axb5 19. Nc1 Qa6 20. Kh2 Rfb8 21. Rf2
Qb6 22. Rdf1 e6 23. Be3 Qc7 24. Rd1 Rd8 25. Rc2 b4 26. c4 Ne7 27. Ne2 e5 28. g3
f5 29. Ng1 Qc6 30. exf5 gxf5 31. Qe2 e4 32. g4 Bc3 33. Qg2 Kh8 34. Ne2 d5 35.
cxd5 Nxd5 36. Qf2 Nxe3 37. Rxd8+ Rxd8 38. Qxe3 Rd3 39. Qf2 fxg4 40. hxg4 Qh6+
41. Kg1 Rd1+ 42. Kg2 Qh1+ 0-1

[Event "26. ekipno prvenstvo hrvatske u sahu - I"]
[Site "Bjelovar, Krapina, Djurdjevac,"]
[Date "2017.04.02"]
[Round "4.51"]
[White "Muha, Miljenko"]
[Black "Sale, Srdjan"]
[Result "0-1"]
[WhiteElo "2261"]
[BlackElo "2426"]
[PlyCount "129"]
[EventDate "2016.03.26"]

1. d4 g6 2. c4 Bg7 3. Nc3 d6 4. e4 e5 5. d5 a5 6. Bd3 Na6 7. Be3 Nh6 8. h3 f6
9. Nge2 Nf7 10. Bc2 O-O 11. O-O Bh6 12. Bxh6 Nxh6 13. Qd2 Kg7 14. a3 Bd7 15.
Rab1 Nf7 16. b4 axb4 17. axb4 Ng5 18. Qe3 Qe7 19. Nc1 c5 20. dxc6 bxc6 21. Nd3
Ne6 22. b5 Nac5 23. Nxc5 Nxc5 24. Rb4 Ra3 25. Qd2 Ne6 26. Ra4 Ra8 27. Rxa3 Rxa3
28. Ba4 Nd4 29. bxc6 Bxc6 30. Bxc6 Rxc3 31. Rb1 Rb3 32. Rxb3 Nxb3 33. Qb4 Nd4
34. Qb6 f5 35. exf5 gxf5 36. Bd5 Ne2+ 37. Kf1 Nf4 38. Qb8 Kh6 39. Kg1 e4 40.
Kh1 Qf6 41. Kh2 Nd3 42. Kg1 Ne5 43. Qg8 Ng6 44. Qe6 Qxe6 45. Bxe6 Kg5 46. g4
fxg4 47. hxg4 Nh4 48. Kf1 Kf4 49. Ke2 h6 50. Bd5 Nf3 51. Kf1 Kxg4 52. Kg2 Kf4
53. Bf7 Nh4+ 54. Kf1 Ke5 55. Kg1 Kd4 56. Kh2 Nf3+ 57. Kg3 Ne5 58. Bg8 Nxc4 59.
f4 Ne3 60. Be6 Nd5 61. Bf5 Nf6 62. Bg6 Ke3 63. Bf7 d5 64. f5 d4 65. Bb3 0-1

[Event "26. ekipno prvenstvo hrvatske u sahu - I"]
[Site "Bjelovar, Krapina, Djurdjevac,"]
[Date "2017.04.02"]
[Round "4.52"]
[White "Bodiroga, Predrag"]
[Black "Medic, Mirjana"]
[Result "1/2-1/2"]
[WhiteElo "2351"]
[BlackElo "2149"]
[PlyCount "104"]
[EventDate "2016.03.26"]

1. d4 e6 2. Bf4 d5 3. e3 Nf6 4. Nd2 c5 5. c3 Nc6 6. Bb5 Bd7 7. a4 cxd4 8. exd4
Be7 9. h3 O-O 10. Ngf3 Ne4 11. O-O f5 12. Qe2 a6 13. Bxc6 Bxc6 14. Ne5 Be8 15.
f3 Nxd2 16. Qxd2 a5 17. Rfe1 Ra6 18. Nd3 Qc8 19. Bg5 Bd6 20. Kh1 Bd7 21. Bf4
Be7 22. Qe3 h6 23. Re2 g5 24. Be5 f4 25. Qf2 Qe8 26. b3 Rc6 27. Rc2 b6 28. c4
Qg6 29. Rd1 dxc4 30. bxc4 Rcc8 31. Nb2 Qf5 32. Qe2 b5 33. c5 bxa4 34. Ra1 Bb5
35. Qxb5 Qxc2 36. Nxa4 Bf6 37. Qd7 Qf5 38. Re1 Rcd8 39. Qb5 Bxe5 40. Rxe5 Qf7
41. Qc4 Rd5 42. Re4 e5 43. dxe5 Rd1+ 44. Kh2 Qxc4 45. Rxc4 Rc8 46. c6 Rc7 47.
Nb6 Rd8 48. e6 Kf8 49. Rc5 Rd6 50. e7+ Kxe7 51. Nd5+ Rxd5 52. Rxd5 Rxc6 1/2-1/2